Biết mình đang mơ Thực hành thiền định để có giấc mơ sáng suốt

Guardat en:
Dades bibliogràfiques
Autor principal: Wallace, B. Alan
Altres autors: Bích, Phượng (Dịch)
Format: Llibre
Publicat: Hà Nội Lao động ; Công ty Văn hoá Văn Lang 2013
Col·lecció:Tôn giáo & Tâm linh
Matèries:
Etiquetes: Afegir etiqueta
Sense etiquetes, Sigues el primer a etiquetar aquest registre!
Thư viện lưu trữ: Trung tâm Học liệu Lê Vũ Hùng, Trường Đại học Đồng Tháp
LEADER 00991pam a22003258a 4500
001 00035620
005 20171026081025.0
008 161214s2013 ||||||Viesd
020 # # |c 50000 
041 0 # |a Vie 
082 1 4 |a 294.3  |b B308M 
100 1 # |a Wallace, B. Alan 
245 0 0 |b Thực hành thiền định để có giấc mơ sáng suốt  |c B. Alan Wallace ; Bích Phượng (dịch)  |a Biết mình đang mơ 
260 # # |a Hà Nội  |b Lao động ; Công ty Văn hoá Văn Lang  |c 2013 
300 # # |a 215 tr.  |c 21 cm. 
490 # # |a Tôn giáo & Tâm linh 
653 # # |a Thực hành 
653 # # |a Đạo Phật 
653 # # |a Thiền định 
700 1 # |a Bích, Phượng  |e Dịch 
852 # # |b Kho đọc  |j KD.0017599 
852 # # |j KD.0017599 
910 0 # |d 14/12/2016 
980 # # |a Trung tâm Học liệu Lê Vũ Hùng, Trường Đại học Đồng Tháp